La literatura artística: manual de fuentes de la historia moderna del arte

Saved in:
Bibliographic Details
Main Author: Schlosser, Julius (Author)
Format: Book
Language:Spanish
Published: Madrid Cátedra 1993
Edition:4a. ed
Subjects:
Tags: Add Tag
No Tags, Be the first to tag this record!

MARC

LEADER 00000nam a2200000 a 4500
001 UCK3192
003 CL-VaPUC
008 050415e19930000SP |||||||||||||||||spa|d
020 |a 8437600820 
082 0 4 |a 709  |b SCH  |2 21 
100 0 |a Schlosser, Julius  |e author  |9 491203 
245 1 3 |a La literatura artística: manual de fuentes de la historia moderna del arte 
250 |a 4a. ed 
300 |a 640 p 
942 |c BK 
945 |d 20050415 00:00:00  |a jcarroza 
260 |a Madrid  |b Cátedra  |c 1993 
650 0 |a Historia del arte  |9 314877 
650 0 |a Teoría del arte  |9 387638 
650 0 |a Arte y literatura   |9 317119 
583 |a last modification  |c 20050415 00:00:00  |k Rodrigo Vera 
999 |c 312456  |d 312454 
952 |0 0  |1 0  |4 0  |6 709_000000000000000_SCH_1993  |7 0  |8 A  |9 382853  |a BIBART  |b BIBART  |d 2019-11-21  |i 410465K  |o 709 SCH 1993  |p 410465K  |r 2025-03-13  |w 2019-11-21  |y BK  |k ART